Normal view
MARC view
- Nationalism and literature
Entry Topical Term
001 - CONTROL NUMBER
- control field: 34742
003 - CONTROL NUMBER IDENTIFIER
- control field: OSt
005 - DATE AND TIME OF LATEST TRANSACTION
- control field: 20131223110658.0
008 - FIXED-LENGTH DATA ELEMENTS
- fixed length control field: 131223|| aca||babn | a|a d
040 ## - CATALOGING SOURCE
- Original cataloging agency: OSt
150 #0 - HEADING--TOPICAL TERM
- Topical term or geographic name as entry element: Nationalism and literature
- Geographic subdivision: Middle East